Memòria general i premsa general 2007 [Recurs electrònic] / disseny i realització: equip del CDMT equip del CDMT
Publicado:
Terrassa :
Centre de Documentació i Museu Tèxtil de Terrassa, Ajuntament de Terrassa, Diputació de Barcelona ,
2008
Descripción Física:
1 disc òptic (CD-ROM) ; 12 cm
MARC
| LEADER | 00000nam a2200000Ia 4500 | ||
|---|---|---|---|
| 001 | 21717 | ||
| 008 | 160829s2008 xx 000 0 cat d | ||
| 080 | |a CD-1-150 | ||
| 245 | |a Memòria general i premsa general 2007 [Recurs electrònic] / disseny i realització: |b equip del CDMT | ||
| 260 | |a Terrassa : |b Centre de Documentació i Museu Tèxtil de Terrassa, Ajuntament de Terrassa, Diputació de Barcelona, |c 2008 | ||
| 300 | |a 1 disc òptic (CD-ROM) ; |c 12 cm | ||
| 590 | |a Requeriments del sistema: Adobe Acrobat | ||
| 610 | 2 | 0 | |a Centre de Documentació i Museu Tèxtil (Terrassa, Catalunya) |v Revistes |9 54996 |
| 710 | 1 | |a Terrassa (Catalunya). |b Ajuntament |9 51450 | |
| 710 | 1 | |a Barcelona (Catalunya : Província). |b Diputació |9 52408 | |
| 710 | 2 | |a Centre de Documentació i Museu Tèxtil (Terrassa, Catalunya) |9 54995 | |
| 901 | |a Arxiu | ||
| 942 | |n 1 | ||
| 952 | |0 0 |1 0 |4 0 |6 CD1150 |7 1 |9 52807 |a Arxiu |b Arxiu |d 2016-12-01 |l 0 |o CD-1-150 |p 21717 |r 2016-12-01 00:00:00 |w 2016-12-01 |y ARXIU | ||
| 999 | |c 56656 |d 56656 | ||